000 01629nam a2200373 4500
001 114278
003 DR-UNIBE
005 20251204115308.0
008 251204b2025 dr ||||| |||| 00| 0 spa d
020 _a9789945299885
040 _aBIBLIOTECA UNIBE
_cBIBLIOTECA UNIBE
_erda
041 _aspa
082 _aRD 863 T315c
245 _aTercer concurso de escritura personal para los dominicanos en el exterior “cuéntame tu historia” /
_cMartha Dolores Oller Portes [y otro doce]
260 _aSanto Domingo :
_bInstituto de Dominicanos y Dominicanas en el Exterior (INDEX),
_c2025
300 _a121 páginas :
_bilustraciones
505 _aGanadores | Menciones de honor | Historias recomendadas por el jurado |
650 7 _2lemb
_aLiteratura dominicana
_vRelatos personales
_9201284
653 0 0 _aNarraciones
700 1 _aOller Portes, Martha Dolores
_eautor
_9201270
700 1 _aMey Orozco, Darla Melissa
_eautor
_9201271
700 1 _aMarcano Rudecindo, Norman José
_eautor
_9201272
700 1 _aSantiago, Némesis Esmeralda
_eautor
_9201273
700 1 _aLópez Santos, Carolyn Altagracia
_eautor
_9201274
700 1 _aAlmonte Uceta, Alber Antonio
_eautor
_9201275
700 1 _aPineda Dotel, Laura Leonelys
_eautor
_9201276
700 1 _aCastillo Ceballos, Gloria Massiell
_eautor
_9201277
700 1 _aGrassals Ramírez, Ingrid Patricia
_eautor
_9201278
700 1 _aSoto Minier, Jabsury Roselly
_eautor
_9201279
700 1 _aNúñez Castillo, Angelina
_eautor
_9201280
700 1 _aMontolío Rosa, José
_eautor
_9201281
700 1 _aDíaz Ramírez, Miguel Oniel
_eautor
_9201282
942 _2ddc
_cBK
999 _c114278
_d114278